Vyhlídka na věčnost / Jiří Kulhánek
Record details
- ISBN: 978-80-7449-058-3
- Physical Description: 535 s. ; 18 cm
- Publisher: Praha : Crew, 2011
Search for related items by subject
| Genre: | české romány vědecko-fantastické romány Czech fiction science fiction novels |
Search for related items by series
Available copies
- 1 of 1 copy available at Common Catalog SPOK.
Holds
- 0 current holds with 1 total copy.
Show Only Available Copies
| Location | Call Number / Copy Notes | Barcode | Shelving Location | Status | Due Date |
|---|---|---|---|---|---|
| KDS Library | 810 KuJ | 204576803823 | Stacks | Available | - |
Electronic resources
Version of Resource: Digitalizovaný dokument
| LDR | 01144cam a2200337 a 4500 | ||
|---|---|---|---|
| 001 | 46784 | ||
| 003 | CZ-PrJAB | ||
| 005 | 20200722101314.0 | ||
| 007 | ta | ||
| 008 | 111024s2011 xr g 000 f cze d | ||
| 015 | . | ‡acnb002257591 | |
| 020 | . | ‡a978-80-7449-058-3 ‡q(brož.) | |
| 035 | . | ‡a(CZ PrNK)nkc20112257591 | |
| 035 | . | ‡a(OCoLC)794207566 | |
| 040 | . | ‡aULG001 ‡bcze ‡dABA001 ‡dOLA001 | |
| 072 | 7. | ‡a821.162.3-3 ‡xČeská próza ‡2Konspekt ‡925 | |
| 080 | . | ‡a821.162.3-31 ‡2MRF | |
| 080 | . | ‡a(0:82-311.9) ‡2MRF | |
| 100 | 1 | . | ‡aKulhánek, Jiří, ‡d1967- ‡7jn99240000567 ‡4aut |
| 245 | 1 | 0. | ‡aVyhlídka na věčnost / ‡cJiří Kulhánek |
| 260 | . | ‡aPraha : ‡bCrew, ‡c2011 | |
| 300 | . | ‡a535 s. ; ‡c18 cm | |
| 490 | 1 | . | ‡aSvětové komiksy česky |
| 655 | 7. | ‡ačeské romány ‡7fd133974 ‡2czenas | |
| 655 | 7. | ‡avědecko-fantastické romány ‡7fd133847 ‡2czenas | |
| 655 | 9. | ‡aCzech fiction ‡2eczenas | |
| 655 | 9. | ‡ascience fiction novels ‡2eczenas | |
| 830 | 0. | ‡aSvětové komiksy česky | |
| 856 | 4 | 1. | ‡uhttp://krameriusndk.nkp.cz/search/handle/uuid:0dedb9a0-7fcf-11e6-bb23-005056827e51 ‡yDigitalizovaný dokument |
| 910 | . | ‡aABE463 | |
| 901 | . | ‡a46784 ‡bCZ-PrJAB ‡c46784 ‡tbiblio | |